Quizzes
Events
Quiz Creation
Community
Videos
Private Events
Remove Ads
Sign In
Join for FREE
Feedback
Dark Mode
Quiz Categories
Sports
Geography
Music
Movies
Television
Just For Fun
Miscellaneous
History
Literature
Language
Science
Gaming
Entertainment
Religion
Holiday
For Kids
Quiz Lab
Recent
Popular Today
Quiz Kudos Today
Editor Picks
Curator Picks
Quizzes by...
Day
Popularity
Type
Ratings
Length
Year
Community
Subscriptions
Recent Discussions
Orange Saloon
Badges
Playlists
Quests
Create
Leaderboards
Showdown
Live 5
Trivia Bingo
Activity
Puzzle Library
Sporcle Events
Private Events
Virtual Trivia
Globe League
Become a Host
Pub Owners
SporcleCon
Opinionation
Our Games
Videos
Blog
Mobile Apps
Partnerships
Remove Ads and Go Orange
Feedback
Music
Pop Music
The Beatles
Song
Album
Lyrics
Bands
Singers
Artist
Clip
Rock
Rap
Classical
Billboard
Country Music
Kpop
Taylor Swift
Music
Pop Music
The Beatles
Song
Album
Lyrics
Bands
Singers
Artist
Clip
Rock
Rap
Classical
Billboard
Country Music
Kpop
Taylor Swift
Random Quiz
Search Sporcle
×
Quiz Lab
Quiz Lab
Music
Lyrics
Type in answers that appear in a list
Type in answers that appear in a list
Classic
Best Score? Go Orange.
Guess the Bon Jovi lyrics! Stats
Can you name the lyrics to the mystery Bon Jovi song??
By
xbelle89x
15m
284 Questions
613 Plays
613 Plays
613 Plays
Comments
Comments
Give Quiz Kudos
Give Quiz Kudos
-
- Ratings
hide this ad
More Info
Replay
Link that replays current quiz
Next Quiz
Link to next quiz in quiz playlist
You Got
0%
They Got
Avg Score
65%
Avg Friend Score
Upgrade to see
Score Distribution
Jump to the score distribution portion of the page
Score
0/284
Timer
15:00
0
Plays Today
% Correct
-
I
95.1%
-
I
95.1%
-
I
95.1%
And
I
95.1%
And
I
95.1%
-
I
95.1%
And
I
95.1%
-
I
95.1%
-
I
95.1%
-
I
95.1%
-
I
95.1%
-
I
95.1%
-
you
89.7%
-
you
89.7%
-
You
89.7%
-
you
89.7%
-
you
89.7%
-
you
89.7%
-
you
89.7%
-
you
89.7%
-
you
89.7%
-
you
89.7%
-
you
89.7%
-
you
89.7%
-
you
89.7%
-
you
89.7%
-
you
89.7%
-
you
89.7%
-
you
89.7%
-
you
89.7%
-
you
89.7%
a
love
84.7%
-
love
84.7%
-
love
84.7%
-
be
82.7%
-
be
82.7%
-
be
82.7%
-
be
82.7%
-
for
82.2%
-
for
82.2%
-
to
80.6%
-
to
80.6%
-
to
80.6%
-
To
80.6%
-
To
80.6%
-
to
80.6%
-
to
80.6%
-
to
80.6%
-
to
80.6%
-
to
80.6%
-
to
80.6%
-
To
80.6%
-
to
80.6%
-
me
77.8%
-
me
77.8%
-
me
77.8%
-
me
77.8%
-
me
77.8%
-
there
76.7%
-
there
76.7%
-
there
76.7%
-
my
76.3%
-
my
76.3%
-
my
76.3%
-
is
76%
-
he
75.5%
-
he
75.5%
-
he
75.5%
-
on
75.4%
-
no
75%
-
no
75%
-
We
74.7%
And
I'll
74.6%
-
I'll
74.6%
-
when
72.8%
-
When
72.8%
-
When
72.8%
-
When
72.8%
-
When
72.8%
-
always
72.6%
-
Always
72.6%
-
Always
72.6%
-
Always
72.6%
-
can
72.6%
-
It's
72.4%
-
It's
72.4%
-
it's
72.4%
-
in
72.1%
-
in
72.1%
-
This
71.6%
-
this
71.6%
-
will
71.3%
-
that
69.7%
-
that
69.7%
-
that
69.7%
% Correct
-
that
69.7%
-
that
69.7%
-
that
69.7%
-
of
69.5%
-
of
69.5%
-
your
69.3%
-
your
69.3%
-
your
69.3%
-
your
69.3%
-
can't
68.7%
-
can't
68.7%
-
not
68.5%
-
I'm
68%
-
I'm
68%
-
I'm
68%
-
but
67.5%
-
but
67.5%
-
but
67.5%
-
But
67.5%
-
don't
67.5%
-
don't
67.5%
-
But
67.5%
-
say
66.9%
-
say
66.9%
-
say
66.9%
-
say
66.9%
-
baby
66.7%
-
baby
66.7%
-
baby
66.7%
and the
words
66.2%
the
words
66.2%
-
words
66.2%
-
words
66.2%
-
see
66.1%
-
been
66.1%
-
see
66.1%
-
been
66.1%
-
been
66.1%
-
just
65.6%
-
just
65.6%
-
just
65.6%
-
just
65.6%
-
give
65.1%
-
give
65.1%
-
give
65.1%
-
time
64.9%
-
his
64.6%
-
now
64.6%
-
Now
64.6%
-
Now
64.6%
-
song
63.9%
and a
day
63.9%
-
hear
63.9%
-
I've
63.5%
-
I've
63.5%
-
life
63.3%
-
up
63.1%
-
up
63.1%
-
forever
63.1%
-
up
63.1%
-
like
63%
-
die
63%
-
die
63%
-
some
62.6%
-
Some
62.6%
-
Some
62.6%
-
good
62.5%
-
til
61.8%
-
Til
61.8%
-
til
61.8%
-
shine
61.7%
-
these
61.7%
-
these
61.7%
-
If
61.3%
-
If
61.3%
-
if
61.3%
the
way
61%
-
are
61%
-
are
61%
-
hold
60.7%
-
us
60.4%
-
us
60.4%
-
have
60.2%
-
nothing
60%
-
Romeo
59.9%
-
One
59.9%
-
one
59.9%
-
What
59.7%
-
was
59.7%
-
bleeding
59.2%
-
sing
59.2%
-
mine
59.2%
the
end
59.1%
-
you'll
58.9%
-
blood
58.7%
% Correct
a
man
58.7%
-
left
58.2%
-
left
58.2%
-
cry
58.2%
-
cry
58.2%
-
would
57.9%
-
without
57.7%
-
old
57.6%
-
old
57.6%
-
old
57.6%
-
mind
57.4%
-
that's
57.3%
-
you've
57.1%
-
meant
56.9%
-
him
56.6%
the
stars
56.3%
-
could
56%
-
says
55.8%
-
since
55.5%
-
anymore
55.5%
-
rhyme
55.5%
-
made
55.3%
-
made
55.3%
-
made
55.3%
-
made
55.3%
-
guess
54.8%
-
near
54.8%
-
near
54.8%
-
feelings
54.6%
-
try
54.6%
-
close
54.6%
-
try
54.6%
a
fighter
54.3%
the
heavens
54.3%
-
where
54.3%
-
at
54.2%
-
Well
54%
-
Well
54%
-
raining
53.8%
-
wish
53.8%
-
burst
53.7%
-
memories
53.5%
-
know
53.2%
-
goodbye
52.9%
-
drowning
52.7%
-
holds
52.5%
the
flood
51.9%
-
I'd
51.9%
-
through
51.9%
-
laugh
51.7%
a
different
51.5%
-
those
51.5%
-
more
51.5%
-
behind
51.1%
-
won't
51.1%
-
hair
50.9%
-
mistakes
50.9%
the
sun
50.9%
-
touch
50.6%
-
fingers
50.4%
-
lips
50.4%
-
pulls
50.4%
-
dog
50.2%
-
run
50.2%
-
There's
50.2%
-
Take
50.1%
-
ain't
49.9%
-
told
49.6%
-
told
49.6%
a
look
49.4%
-
our
49.3%
and
our
49.3%
-
pictures
48.9%
-
understand
48.9%
-
needing
48.5%
-
face
48.3%
-
prayers
48%
-
kicked
45.8%
-
still
44.4%
-
lives
43.9%
-
price
43.6%
-
pay
42.7%
-
shines
42.3%
-
pack
41.4%
And
find
40.8%
a
place
40.8%
-
'Cause
39.6%
-
dreams
39.3%
-
Yeah
36.1%
-
dice
34.7%
-
luck
34.4%
-
loaded
32.3%
-
(Chorus)
15%
-
(Chorus)
15%
Quiz Playlist
Details
Report
Send in Message
Add To Playlist
More Info:
Chorus only fit once, type "Chorus" for the other instances.
Classic:
Type in answers that appear in a list
Quiz Source
Last Updated: Feb 16, 2017
Quiz Scoreboard
CHALLENGE
Sign Up to Join the Scoreboard
Show All
Scores
Hide
Comments
May contain spoilers
Recently Published
Popular People in 1961
by mucciniale
History
6m
1-10 Letter E Words III
by El_Dandy
Language
2m
One Thing in Common: World Cities II
by knightlancer
Geography
7m
More to Explore
Quiz From the Vault
Featured Blog Post
Where Did the Easter Bunny Come From?
hide this ad
You Might Also Like...
Tags
Lyrics Quiz
Song Quiz
Bon Jovi
Today's Top Quizzes in Music
Browse Music
hide this ad
Today's Top Quizzes in Lyrics
Browse Lyrics
Top Contributed Quizzes in Music
1
Taylor Swift All Songs (2024)
2
2010s Album by Cover III
3
One Thing in Common: Music
4
Taylor Swift Logic Puzzle
5
Guess the Artist- 70s Songs
6
2010s Album by Cover IV
7
Guess the Taylor Swift song (Mystery Song)
8
2010s Album by Cover V
9
Lana Del Rey Discography (BTD to DYKTTATUOB)
10
2010s Album by Cover VI
Explore More
Trending Topics
Crossword
NBA
Disney
Anime
Marvel
Kpop
Harry Potter
Song
Pokémon
Country
WWE
Puzzle
The Office
Soccer
NFL
hide this ad
More By:
xbelle89x
Quiz
Plays
Rating
Category
Featured
Created
Name the Big Brother (US) Houseguests (Seasons 1-CBB2)
27,808
4.67
Television
Sep 10, 2012
Survivor Contestants (US 19-38)
3,308
5.00
Television
Mar 20, 2017
Survivor Contestants (US 1-18)
3,086
5.00
Television
Mar 20, 2017
Guess the Bon Jovi lyrics 2!
644
5.00
Music
Oct 6, 2012
Guess the Bon Jovi lyrics!
613
5.00
Music
Jul 19, 2012
Go to Creator's Profile
Score Distribution
Quiz Creator Spotlight
xbelle89x
Follow
Send a Message
Quizzes Created
-
Created Quiz Play Count
-
More By This Creator
Popular Quizzes Today
1
Find the US States - No Outlines Minefield
2
Find the Countries of Europe - No Outlines Minefield
3
The Countries of the World
4
Popular People in 1961
5
1-10 Letter E Words III
6
Find the US States
7
US States
8
One Thing in Common: World Cities II
More Music Quizzes
First Top Ten Singles in Order - Beyonce
Quiz Lab
Trending Quizzes
Risky Map Clicking: Least Populous States A-Z
1-10 Letter F Words
1-10 Letter G Words
One Thing in Common: United Kingdom
Risky Map Clicking: Next State Alphabetically
Recently Updated
Leaping Animals
pecheneg
Reality TV Shows (A-Z)
bhenderson79
Rickey Henderson's Hall of Fame Teammates
pecheneg
Champions League XIs: Arsenal
pecheneg
Quick Pick: Celebrities in WWE's Hall of Fame
aduchscher
A-Z Keypad Blitz II
pecheneg
Multiple Oscar Actors
pecheneg
Mystery Phrase Blitz: Oscar 'Best Actors'
pecheneg
F. Scott Fitzgerald Novels
LTH
Pick 3 Villains
ddd62291
Trending Topics
Crossword
NBA
Marvel
Kpop
Harry Potter
Anime
Disney
WWE
Pokémon
Puzzle
The Office
Country
Song
Soccer
NFL
Your Account Isn't Verified!
In order to create a playlist on Sporcle, you need to verify the email address you used during registration. Go to your
Sporcle Settings
to finish the process.
Report this User
Report this user for behavior that violates our
Community Guidelines
.
Details:
Send Report
Go to the Sporcle.com Mobile Site →
Comments